[Event "7th Gashimov Memorial-Blitz 2021"]
[Site "Baku"]
[Date "2021.12.23"]
[Round "14"]
[White "Karjakin, Sergey"]
[Black "Mamedov, Rauf"]
[Result "0-1"]
[WhiteElo "2743"]
[BlackElo "2656"]
[Annotator "TA"]
[PlyCount "62"]
[EventDate "2021.12.17"]
[EventType "tourn"]
[EventCountry "AZE"]
[SourceTitle "playchess.com"]
[Source "ChessBase"]
[SourceQuality "1"]

{[%evp 11,62,6,11,8,13,14,0,3,29,28,33,25,33,15,39,0,50,19,58,25,36,24,47,23,
24,25,18,0,0,0,13,0,0,0,14,0,29,29,30,28,37,-14,-26,-14,-14,-9,-9,-117,47,0,92,
-604,-601]} 1. d4 Nf6 2. Bg5 g6 3. Nd2 Bg7 4. c3 d6 5. e3 O-O 6. Ngf3 h6 7. Bh4
{A48: 1 d4 Nf6 2 Nf3 g6: Torre, London and Colle Systems.} c5 8. Be2 Nc6 9. O-O
{The position is equal.} Bf5 {[#]} 10. d5 $146 ({Predecessor:} 10. Bg3 cxd4 11.
exd4 Nh5 12. Nh4 Nxg3 13. hxg3 Bd7 14. Nhf3 e5 15. dxe5 dxe5 16. Nc4 {0-1 (38)
Lesnik,M (1982)-Pesec,F (2176) Celje 2008}) 10... Nb8 {[%cal Bc6b8,Bb8d7,Bd7e5,
Be5f3][%mdl 32]} (10... Nxd5 11. e4 $16) 11. Bxf6 exf6 12. a4 {[%cal Ba2a4,
Ba4a5][%mdl 32]} Re8 {To avoid e4} 13. a5 Bg4 (13... Na6 $11) 14. Qb3 Qc7 15.
Bb5 Nd7 16. Qa4 h5 17. h3 (17. a6 $5 {[%cal Ra6b7]}) 17... a6 18. Be2 ({Reject
} 18. hxg4 axb5 19. Qxb5 hxg4 $15) 18... Bxf3 19. Bxf3 f5 20. h4 Ne5 21. g3
Nxf3+ 22. Nxf3 Re4 23. Qb3 Rb8 {[%cal Ba8b8,Bb8e8,Be8e3][%mdl 32]} 24. Nd2 Ree8
25. Ra4 Qd7 26. Ra3 ({White should play} 26. Nc4 $14) 26... f4 $11 27. exf4 Re2
$1 28. Nc4 Rbe8 {White should prevent ...Bh6.} 29. Qd1 (29. f5 $1 $11 {was the
only way to keep the balance.}) 29... Bh6 $2 {[#] Black is more active.} ({
Black should try} 29... Qg4 $1 $17) 30. Qd3 (30. Ne5 $1 $14 {feels stronger.}
Qb5 {[#]} (30... dxe5 31. Qxe2) 31. Rb3 $1) 30... Qh3 (30... Qg4 $11 {remains
equal.} 31. Ra4 (31. Nxd6 $2 R8e3 $19) 31... Bxf4) 31. Nxd6 $2 {[%mdl 8192] [#]
} (31. Qf3 $16) 31... R8e3 $1 {[%mdl 512] Weighted Error Value: White=0.36/
Black=0.24 (precise)} 0-1

[Event "7th Gashimov Memorial-Blitz 2021"]
[Site "Baku"]
[Date "2021.12.23"]
[Round "14"]
[White "Navara, David"]
[Black "Rapport, Richard"]
[Result "0-1"]
[WhiteElo "2697"]
[BlackElo "2763"]
[Annotator "TA"]
[PlyCount "114"]
[EventDate "2021.12.17"]
[EventType "tourn"]
[EventCountry "AZE"]
[SourceTitle "playchess.com"]
[Source "ChessBase"]
[SourceQuality "1"]

{[%evp 12,114,59,12,0,6,1,16,14,-20,-10,-27,-10,-22,0,-16,0,-12,0,0,0,0,14,
-500,-105,-98,-40,-66,-58,-90,-99,-86,4,-108,-117,-119,-119,-114,-26,-27,-8,-8,
-8,-8,-19,-8,-8,-70,0,-57,-41,-237,-227,-226,-237,-226,-229,-323,-327,-317,
-316,-278,0,-225,0,-274,-208,-256,-247,-380,-378,-368,-366,-373,-380,-560,-541,
-614,-618,-615,0,-593,-592,-620,-605,-599,-589,-661,-662,-752,-733,-795,-809,
-1037,-1024,-1004,-907,-2216,-2214,-29985,-29975,-29971,-29974,-29987,-29988]} 
1. d4 e6 2. c4 c5 3. d5 exd5 4. cxd5 d6 5. e4 g6 6. Nc3 Bg7 7. f4 (7. Bd3 $14 {
was preferrable.}) 7... Bxc3+ $5 {[%mdl 4] An interesting side line. A43:
Schmid Benoni.} 8. bxc3 Nf6 9. Bd3 O-O {The position is equal.} 10. Ne2 (10.
Nf3 $5 {[%cal Re1g1]}) 10... Re8 {[%cal Oc5c4] [#] White should prevent ...c4!}
11. c4 $146 (11. O-O $5 {[%cal Re2g3]}) ({Predecessor:} 11. O-O c4 12. Bxc4
Nxe4 13. Qd4 Nd7 14. f5 Qb6 15. fxg6 hxg6 16. Qxb6 Nxb6 17. Bb5 {0-1 (24)
Kretov,E (2219)-Dubov,D (2703) Sochi 2018}) 11... b5 12. cxb5 c4 (12... Bg4 $5
{[%cal Rf6e4]} 13. O-O c4 14. Bxc4 Qb6+ 15. Kh1 Nxe4 $11) 13. Bxc4 Qb6 14. Bb2
Nxe4 {[%csl Ge4][%cal Rb6f2]} 15. Qd4 {Prevents Qf2+.} Qxd4 16. Bxd4 {This
bishop pair is nice.} (16. Nxd4 Ng3+ 17. Kf2 Nxh1+ 18. Rxh1 a6 $15) 16... Bg4
17. O-O-O $2 {[%mdl 8192]} (17. Kd1 $11 {and White is okay.}) 17... Nd7 $2 (
17... Rc8 $19 {and Black stays clearly on top.} 18. Rhe1 Rxc4+ 19. Kb2 Nd7) 18.
h3 Bf5 (18... Bxe2 $17 19. Bxe2 Rac8+ 20. Kb2 Ng3) 19. Kb2 Rac8 20. g4 Rxc4 21.
gxf5 Nf2 {[#]} 22. Bxf2 (22. Kb3 $1 $11 Rxd4 23. Nxd4 Nc5+ 24. Kc3) 22... Rxe2+
$17 23. Kb3 Rxf4 {And now ...Rf3+ would win. Black is more active.} 24. Bd4
Rf3+ (24... Rxf5 25. Rhe1 Nc5+ 26. Kc4 (26. Bxc5 Rf3+ 27. Kb4 Rb2+ 28. Ka5
Rxa2+ 29. Kb4 dxc5+ 30. Kxc5 Rf5 $11) 26... Rc2+ 27. Kb4 $11) (24... Ree4 $1
$17 {[%cal Re4d4]} 25. Kc3 Nc5 26. Bxc5 Rc4+ 27. Kb3 Rxc5) 25. Kb4 $11 {
Rhe1 is the strong threat.} Rxa2 26. Ra1 Rd2 27. Rhd1 $132 {[%mdl 2048] White
has counterplay} Rxd1 28. Rxd1 {[%mdl 4096] Endgame KRB-KRN} Nb6 ({Don't take} 
28... gxf5 29. Bxa7 Kf8 30. Bd4 $14) 29. Re1 ({White should play} 29. fxg6 $11
hxg6 30. Bxb6 axb6 31. Rc1) 29... Nxd5+ ({Black should try} 29... Kf8 $1 $15
30. fxg6 hxg6 31. Bxb6 axb6) 30. Ka4 ({White must play} 30. Kc4 $11 Nb6+ 31.
Bxb6 axb6 32. Re8+ Kg7 33. fxg6) 30... Nb6+ $15 31. Ka5 $2 (31. Bxb6 $15 axb6
32. Re8+ Kg7 33. fxg6) 31... Ra3+ $19 32. Kb4 {[%cal Re1e8]} Ra4+ 33. Kc3 {
[%cal Re1e8]} Kf8 {Prevents Re8+.} 34. f6 {[#]} (34. fxg6 $142 hxg6 35. Kd3)
34... Nd5+ $1 35. Kd3 Nf4+ 36. Kc3 Nd5+ ({Worse is} 36... Nxh3 37. Rd1 $11) 37.
Kd3 Nf4+ 38. Kc3 Ne6 ({Not} 38... Nxh3 39. Rd1 $11) 39. Be3 {[#]} Ke8 $1 40.
Rd1 (40. Bg1 $142) 40... Ra3+ 41. Kd2 Kd7 42. Rc1 Nc7 43. Bh6 (43. Rb1 $142)
43... Rxh3 44. Bg7 Rh2+ 45. Kd3 Rh3+ $2 ({Better is} 45... Rh5 $19 46. Ra1 Nxb5
) 46. Kc4 $2 {[%mdl 8192]} (46. Kd2 $1 $11 {and White has nothing to worry.}
Rh5 47. Kd3) 46... Rh5 {White must now prevent ...Rc5+.} 47. Ra1 Rc5+ 48. Kd3
Nxb5 49. Rh1 h5 {[%cal Bh7h5,Bh5h4][%mdl 32]} 50. Rg1 Ke6 51. Re1+ Re5 52. Rc1
h4 53. Rc8 d5 54. Re8+ Kf5 55. Re7 Rxe7 {Black mates.} 56. fxe7 Nc7 57. Kd4
Ne6+ {Weighted Error Value: White=0.72/Black=0.48} 0-1